00290nam a2200121Ia 450000500170000000800410001710000180005824500430007625000110011926000170013030000110014765000100015820260328104247.0260328s9999||||xx |||||||||||||| ||und|| aPhilips, N.V. 0aContemporary Lighting /cN.V. Philips a1a ed. bN.V. Philips a214 p. aACERO